Lyrics - Next Semester - Statistics

General Stats
  • This quiz has been taken 2 times
  • The average score is 257 of 274
Answer Stats
Hint Lyrics % Correct
a
100%
about
100%
anxiousness?
100%
be
100%
break
100%
Can
100%
Can't
100%
"Can't
100%
certain
100%
change
100%
chest
100%
dashes
100%
die
100%
done
100%
don't
100%
down
100%
down),
100%
feel
100%
fresh
100%
get
100%
Graduate
100%
happen?
100%
hate
100%
he
100%
heard
100%
here,
100%
here
100%
"Hey,
100%
home
100%
I
100%
in
100%
It's
100%
kid,
100%
legs
100%
less
100%
lights
100%
me
100%
might
100%
my
100%
next
100%
now
100%
Of
100%
of
100%
out
100%
prayed
100%
pressure
100%
remember,
100%
remember
100%
road!"
100%
semester
100%
semester"
100%
Verse 1 Stand
100%
Start
100%
straight
100%
street
100%
suffocate
100%
take
100%
taste
100%
test
100%
the
100%
Then
100%
then
100%
There's
100%
things
100%
those
100%
to
100%
up
100%
wanna
100%
want
100%
was
100%
wearing,
100%
what
100%
What
100%
What's
100%
would
100%
yellow
100%
you
100%
you've
100%
(and
50%
(And
50%
his
50%
new
50%
rolled
50%
said)
50%
slowed
50%
window),
50%
with
50%
year
50%
Refrain Oh
0%
oh
0%
woah
0%
No matching quizzes found
Score Distribution
Percent of People with Each Score
Percentile by Number Answered
Your Score History
You have not taken this quiz